|
|
|
|
| LEADER |
00000nam0a2200000 4500 |
| 001 |
282745 |
| 005 |
20231101235528.0 |
| 035 |
|
|
|a (RuTPU)RU\TPU\book\306705
|
| 090 |
|
|
|a 282745
|
| 100 |
|
|
|a 20150203d1ё98 k y0rusy50020304ca
|
| 101 |
0 |
|
|a rus
|
| 102 |
|
|
|a RU
|
| 105 |
|
|
|a a z 001zy
|
| 200 |
1 |
|
|a Исследование рабочих процессов и динамики вибрационных машин с регулируемыми параметрами
|e межвузовский сборник научных трудов
|f Ярославский политехнический институт
|
| 210 |
|
|
|a Ярославль
|c [Б. и.]
|d 1984
|
| 215 |
|
|
|a 98 с.
|c ил.
|
| 320 |
|
|
|a Библиография в конце статей
|
| 606 |
1 |
|
|a Вибрационные машины
|2 stltpush
|3 (RuTPU)RU\TPU\subj\2449
|9 31019
|
| 610 |
1 |
|
|a землеройно-фрезерные машины
|
| 610 |
1 |
|
|a рабочие органы
|
| 610 |
1 |
|
|a чашечные ковши
|
| 610 |
1 |
|
|a сравнительные испытания
|
| 610 |
1 |
|
|a дорожно-строительные материалы
|
| 610 |
1 |
|
|a уплотнение
|
| 610 |
1 |
|
|a вакуумирование
|
| 610 |
1 |
|
|a пневмоколесные катки
|
| 610 |
1 |
|
|a конструктивные особенности
|
| 610 |
1 |
|
|a вибротрамбовка непрерывного действия
|
| 610 |
1 |
|
|a бетонные смеси
|
| 610 |
1 |
|
|a пульсаторы
|
| 675 |
|
|
|a 62-868
|v 4
|
| 712 |
0 |
2 |
|a Ярославский политехнический институт
|2 stltpush
|3 (RuTPU)RU\TPU\col\7887
|9 24407
|
| 801 |
|
1 |
|a RU
|b 63413507
|c 20150203
|
| 801 |
|
2 |
|a RU
|b 63413507
|c 20170811
|g RCR
|
| 942 |
|
|
|c BK
|